000 00427cam a22001812a 4500
001 008846
003 AR-FADEU
008 311216n1970####xxu####################dd
092 _a415.2
_bCh548a
100 _aChomsky, Noam
245 _aAspectos de la teorĂ­a de la sintaxis
260 _aMadrid
260 _bAguilar
260 _c1970
300 _a260 p
650 _a/LINGUISTICA/SINTAXIS/REVISADO/
942 _cBDGR
999 _c14648
_d14648